<?xml version="1.0" encoding="UTF-8"?>
<record
    xmlns:xsi="http://www.w3.org/2001/XMLSchema-instance"
    xsi:schemaLocation="http://www.loc.gov/MARC21/slim http://www.loc.gov/standards/marcxml/schema/MARC21slim.xsd"
    xmlns="http://www.loc.gov/MARC21/slim">

  <leader>00597nam a22001577a 4500</leader>
  <controlfield tag="003">OSt</controlfield>
  <controlfield tag="005">20180718142937.0</controlfield>
  <controlfield tag="008">180718b        xxu||||| |||| 00| 0 eng d</controlfield>
  <datafield tag="040" ind1=" " ind2=" ">
    <subfield code="c">RUA</subfield>
  </datafield>
  <datafield tag="082" ind1=" " ind2=" ">
    <subfield code="a">AGR VEN 2016 B604 Or.1</subfield>
  </datafield>
  <datafield tag="100" ind1=" " ind2=" ">
    <subfield code="9">12917</subfield>
    <subfield code="a">VENG PHANA ,&#x179C;&#x17C9;&#x17C1;&#x1784; &#x1795;&#x17B6;&#x178E;&#x17BC;</subfield>
  </datafield>
  <datafield tag="245" ind1=" " ind2=" ">
    <subfield code="a">rice production in phnom srouch district, kampong speu province,&#x1795;&#x179B;&#x17B7;&#x178F;&#x1780;&#x1798;&#x17D2;&#x1798;&#x178A;&#x17C6;&#x178E;&#x17B6;&#x17C6;&#x179F;&#x17D2;&#x179A;&#x17BC;&#x179C;&#x1793;&#x17C5;&#x179F;&#x17D2;&#x179A;&#x17BB;&#x1780;&#x1797;&#x17D2;&#x1793;&#x17C6;&#x179F;&#x17D2;&#x179A;&#x17BD;&#x1785;&#x1781;&#x17C1;&#x178F;&#x17D2;&#x178F;&#x1780;&#x17C6;&#x1796;&#x1784;&#x17CB;&#x179F;&#x17D2;&#x1796;&#x17BA;</subfield>
  </datafield>
  <datafield tag="260" ind1=" " ind2=" ">
    <subfield code="a">phnom penh</subfield>
    <subfield code="b">rua</subfield>
    <subfield code="c">2016</subfield>
  </datafield>
  <datafield tag="300" ind1=" " ind2=" ">
    <subfield code="a">x;42p;</subfield>
    <subfield code="b">ill;</subfield>
    <subfield code="c">29cm;</subfield>
  </datafield>
  <datafield tag="942" ind1=" " ind2=" ">
    <subfield code="2">ddc</subfield>
    <subfield code="c">VEM</subfield>
  </datafield>
  <datafield tag="999" ind1=" " ind2=" ">
    <subfield code="c">17029</subfield>
    <subfield code="d">17029</subfield>
  </datafield>
  <datafield tag="952" ind1=" " ind2=" ">
    <subfield code="0">0</subfield>
    <subfield code="1">0</subfield>
    <subfield code="2">ddc</subfield>
    <subfield code="4">0</subfield>
    <subfield code="6">AGR_VEN_2016_000000000000000_B604_OR_1</subfield>
    <subfield code="7">0</subfield>
    <subfield code="9">73396</subfield>
    <subfield code="a">LBB</subfield>
    <subfield code="b">LBB</subfield>
    <subfield code="c">B604</subfield>
    <subfield code="d">2018-07-18</subfield>
    <subfield code="o">AGR VEN 2016 B604 Or.1</subfield>
    <subfield code="p">A29679</subfield>
    <subfield code="r">2018-07-18</subfield>
    <subfield code="w">2018-07-18</subfield>
    <subfield code="y">VEM</subfield>
  </datafield>
  <datafield tag="952" ind1=" " ind2=" ">
    <subfield code="0">0</subfield>
    <subfield code="1">0</subfield>
    <subfield code="2">ddc</subfield>
    <subfield code="4">0</subfield>
    <subfield code="6">AGR_VEN_2016_000000000000000_B604_OR_2</subfield>
    <subfield code="7">0</subfield>
    <subfield code="9">73397</subfield>
    <subfield code="a">LBB</subfield>
    <subfield code="b">LBB</subfield>
    <subfield code="c">B604</subfield>
    <subfield code="d">2018-07-18</subfield>
    <subfield code="o">AGR VEN 2016 B604 Or.2</subfield>
    <subfield code="p">A30412</subfield>
    <subfield code="r">2018-07-18</subfield>
    <subfield code="w">2018-07-18</subfield>
    <subfield code="y">VEM</subfield>
  </datafield>
  <datafield tag="952" ind1=" " ind2=" ">
    <subfield code="0">0</subfield>
    <subfield code="1">0</subfield>
    <subfield code="2">ddc</subfield>
    <subfield code="4">0</subfield>
    <subfield code="6">AGR_VEN_2016_000000000000000_B604_OR_3</subfield>
    <subfield code="7">0</subfield>
    <subfield code="9">73398</subfield>
    <subfield code="a">LBB</subfield>
    <subfield code="b">LBB</subfield>
    <subfield code="c">B604</subfield>
    <subfield code="d">2018-07-18</subfield>
    <subfield code="o">AGR VEN 2016 B604 Or.3</subfield>
    <subfield code="p">A29399</subfield>
    <subfield code="r">2018-07-18</subfield>
    <subfield code="w">2018-07-18</subfield>
    <subfield code="y">VEM</subfield>
  </datafield>
  <datafield tag="952" ind1=" " ind2=" ">
    <subfield code="0">0</subfield>
    <subfield code="1">0</subfield>
    <subfield code="2">ddc</subfield>
    <subfield code="4">0</subfield>
    <subfield code="6">AGR_VEN_2016_000000000000000_B604_OR_4</subfield>
    <subfield code="7">0</subfield>
    <subfield code="9">73399</subfield>
    <subfield code="a">LBB</subfield>
    <subfield code="b">LBB</subfield>
    <subfield code="c">B604</subfield>
    <subfield code="d">2018-07-18</subfield>
    <subfield code="o">AGR VEN 2016 B604 Or.4</subfield>
    <subfield code="p">A30134</subfield>
    <subfield code="r">2018-07-18</subfield>
    <subfield code="w">2018-07-18</subfield>
    <subfield code="y">VEM</subfield>
  </datafield>
  <datafield tag="952" ind1=" " ind2=" ">
    <subfield code="0">0</subfield>
    <subfield code="1">0</subfield>
    <subfield code="2">ddc</subfield>
    <subfield code="4">0</subfield>
    <subfield code="6">AGR_VEN_2016_000000000000000_B604_OR_5</subfield>
    <subfield code="7">0</subfield>
    <subfield code="9">73400</subfield>
    <subfield code="a">LBB</subfield>
    <subfield code="b">LBB</subfield>
    <subfield code="c">B604</subfield>
    <subfield code="d">2018-07-18</subfield>
    <subfield code="o">AGR VEN 2016 B604 Or.5</subfield>
    <subfield code="p">A30637</subfield>
    <subfield code="r">2018-07-18</subfield>
    <subfield code="w">2018-07-18</subfield>
    <subfield code="y">VEM</subfield>
  </datafield>
  <datafield tag="952" ind1=" " ind2=" ">
    <subfield code="0">0</subfield>
    <subfield code="1">0</subfield>
    <subfield code="2">ddc</subfield>
    <subfield code="4">0</subfield>
    <subfield code="6">AGR_VEN_2016_000000000000000_B604_OR_6</subfield>
    <subfield code="7">0</subfield>
    <subfield code="9">73401</subfield>
    <subfield code="a">LBB</subfield>
    <subfield code="b">LBB</subfield>
    <subfield code="c">B604</subfield>
    <subfield code="d">2018-07-18</subfield>
    <subfield code="l">2</subfield>
    <subfield code="o">AGR VEN 2016 B604 Or.6</subfield>
    <subfield code="p">A30642</subfield>
    <subfield code="r">2020-03-10</subfield>
    <subfield code="s">2020-02-19</subfield>
    <subfield code="w">2018-07-18</subfield>
    <subfield code="y">VEM</subfield>
  </datafield>
  <datafield tag="952" ind1=" " ind2=" ">
    <subfield code="0">0</subfield>
    <subfield code="1">0</subfield>
    <subfield code="2">ddc</subfield>
    <subfield code="4">0</subfield>
    <subfield code="6">AGR_VEN_2016_000000000000000_B604_OR_7</subfield>
    <subfield code="7">0</subfield>
    <subfield code="9">73402</subfield>
    <subfield code="a">LBB</subfield>
    <subfield code="b">LBB</subfield>
    <subfield code="c">B604</subfield>
    <subfield code="d">2018-07-18</subfield>
    <subfield code="l">4</subfield>
    <subfield code="o">AGR VEN 2016 B604 Or.7</subfield>
    <subfield code="p">A30717</subfield>
    <subfield code="r">2025-11-14</subfield>
    <subfield code="s">2025-11-10</subfield>
    <subfield code="w">2018-07-18</subfield>
    <subfield code="y">VEM</subfield>
  </datafield>
  <datafield tag="952" ind1=" " ind2=" ">
    <subfield code="0">0</subfield>
    <subfield code="1">0</subfield>
    <subfield code="2">ddc</subfield>
    <subfield code="4">0</subfield>
    <subfield code="6">AGR_VEN_2016_000000000000000_B604_OR_8</subfield>
    <subfield code="7">0</subfield>
    <subfield code="9">73403</subfield>
    <subfield code="a">LBB</subfield>
    <subfield code="b">LBB</subfield>
    <subfield code="c">B604</subfield>
    <subfield code="d">2018-07-18</subfield>
    <subfield code="l">2</subfield>
    <subfield code="o">AGR VEN 2016 B604 Or.8</subfield>
    <subfield code="p">A30712</subfield>
    <subfield code="r">2025-01-04</subfield>
    <subfield code="s">2024-12-10</subfield>
    <subfield code="w">2018-07-18</subfield>
    <subfield code="y">VEM</subfield>
  </datafield>
</record>
